[Event "SWE AM2001"]
[White "Andersson, Christian"]
[Black "Orava, Ari"]
[Site "Sweden"]
[Round "8"]
[Result "1/2-1/2"]
[Date "2001.??.??"]
[WhiteElo "2500"]
[BlackElo "2500"]
[PlyCount "91"]
[EventDate "2001.??.??"]
[EventType "tourn"]
[EventRounds "15"]
[EventCountry "SWE"]
[SourceTitle "EXT 2003"]
[Source "ChessBase"]
[SourceDate "2002.11.25"]
[SourceVersion "1"]
[SourceVersionDate "2002.11.25"]
[SourceQuality "1"]

1. d4 Nf6 2. c4 c5 3. Nf3 cxd4 4. Nxd4 Nc6 5. Nc3 d5 6. Nxc6 bxc6 7. cxd5 cxd5 8. e3 e6 9. Bb5+ Bd7 10. Qa4 a6 11. Bxd7+ Qxd7 12. Bd2 Bd6 13. 0-0 0-0 14. Qxd7 Nxd7 15. Na4 Ne5 16. Rac1 Nc4 17. Bc3 Rac8 18. b3 Na3 19. Bb2 Nc2 20. Rfd1 Rc6 21. Rd3 Rfc8 22. Rc3 Nb4 23. Rxc6 Rxc6 24. Rxc6 Nxc6 25. a3 Na5 26. b4 Nc4 27. Bc1 Kf8 28. Kf1 Ke7 29. Ke2 Kd7 30. g3 Kc6 31. Nc3 e5 32. Kd3 e4+ 33. Kc2 f5 34. Kb3 Be5 35. Ne2 Bf6 36. Nd4+ Bxd4 37. exd4 Nd6 38. Bf4 Nf7 39. h4 g6 40. Be3 h6 41. a4 h5 42. Bd2 Nd6 43. Be3 Ne8 44. Bg5 Ng7 45. Be3 Ne6 46. Kc3 1/2-1/2